000 00307 a2200145 4500
001 156554
040 _cEscola São Tomás de Aquino
100 _aJOSÉ, Elias
240 1 0 _aO jogo da fantasia
_lpor
245 1 0 _aO jogo da fantasia
300 _a39
362 0 _a2011
697 _aPoesia
942 _cBK
999 _c156554
_d156554